Πόλεμος και ειρήνη μεταξύ των Εθνών

Saved in:
Bibliographic Details
Main Author: Aron, Raymond, 1905-1983
Format: Book
Language:Greek
French
Published: Αθήναι : Εκδόσεις Στρατιωτικών Περιοδικών, 1966.
Series:Συμπληρωματικάι Εκδόσεις Στρατιωτικών Περιοδικών Γ.Ε.Σ 30
Subjects:
Tags: Add Tag
No Tags, Be the first to tag this record!

MARC

LEADER 00000nam a2200000 a 4500
001 1/127293
008 230919t1966####gr | ||| |||| ||gre||
040 |a GR-MyUa  |b gre  |c GR-MyUa  |e AACR2 
041 1 |a gre  |h fre 
082 7 |a 327   |2 (23) 
100 1 |a Aron, Raymond,   |d 1905-1983. 
245 1 0 |a Πόλεμος και ειρήνη μεταξύ των Εθνών /   |c Raymond Aron.  
260 |a Αθήναι :   |b Εκδόσεις Στρατιωτικών Περιοδικών,   |c 1966.  
300 |a Τ.1 (512 σ.) ;   |c 25 εκ.  
490 1 |a (Συμπληρωματικαί Εκδόσεις Στρατιωτικών Περιοδικών ;   |v 30) 
500 |a Τίτλος πρωτοτύπου : Paix et guerre entre les nations.  
650 0 |a International relations 
650 0 |a Military policy 
830 0 |a Συμπληρωματικάι Εκδόσεις Στρατιωτικών Περιοδικών Γ.Ε.Σ  |v 30 
852 |a INST  |b SAMOS  |e 20230918  |h 327 ARO  |p 005300047763  |q 005300047763  |t BK  |v τομ.1:  |y 0 
853 |a INST  |b SAMOS  |h 327 ARO 
970 |a Γουβάλα  |b Βάσω  |z 19-9-2023